Pays les plus proches de Maurice - Statistiques

Statistiques générales
  • Ce quiz a été pris 167 fois
  • Le résultat moyen est 15 sur 20
Statistiques - réponses
km pays % Correct
802 Madagascar
96%
2637 Afrique du Sud
94%
354 Seychelles
90%
1333 Comores
89%
1768 Tanzanie
87%
1746 Mozambique
86%
1922 Kenya
83%
172 France (Réunion)
81%
2758 Inde
81%
1917 Somalie
81%
2131 Éthiopie
71%
2648 Eswatini
69%
2123 Maldives
69%
2505 Zambie
66%
2540 Zimbabwe
66%
2540 Yémen
64%
2813 Djibouti
61%
2735 Ouganda
61%
2300 Malawi
59%
2831 Soudan du Sud
45%
Aucun quiz correspondant
Distribution des résultats
% des personnes avec chaque résultat
Percentile par nombre de réponses
Votre historique - résultats
Vous n’avez pas pris ce quiz